00513nam a2200193Ia 4500008004100000020001800041050001400059100002000073245004800093245005000141260001500191260001600206260000900222300001500231300002700246300001000273440002800283500000800311170918s9999 xx 000 0 und d a9780545835336 bM135 2014 aMcDonald, Megan aFrank Pearl in the awful waffle kerfuffle / cMegan McDonald ; illustrated by Erwin Madrid. aNew York : bScholastic, c2014 a60 pages : bcolored illustration ; c23cm. aJudy Moody and friends. a470